[Event "EUSA open blitz"]
[Site "Budapest"]
[Date "2019.07.28"]
[Round "8.6"]
[White "Kalogeris, Ioannis"]
[Black "Petrosyan, Tigran S"]
[Result "1/2-1/2"]
[WhiteElo "2376"]
[BlackElo "2448"]
[PlyCount "118"]
[EventDate "2019.07.28"]
[EventType "swiss"]
[EventRounds "9"]
[EventCountry "HUN"]

1. d4 d5 2. Nf3 Nf6 3. c4 c6 4. Nc3 e6 5. e3 Nbd7 6. Bd3 dxc4 7. Bxc4 b5 8. Bd3
Bd6 9. O-O O-O 10. Bd2 Bb7 11. Qc2 Rc8 12. Rfc1 a6 13. a4 c5 14. axb5 Bxf3 15.
gxf3 cxd4 16. exd4 axb5 17. Bxb5 Nb6 18. Qd1 Bb8 19. Be3 Nfd5 20. Ne4 Rxc1 21.
Rxc1 Qh4 22. Ng3 Nxe3 23. fxe3 Bxg3 24. hxg3 Qxg3+ 25. Kf1 Nd5 26. Qe2 h5 27.
Qf2 Qg5 28. f4 Nxe3+ 29. Qxe3 Qxb5+ 30. Qe2 Qf5 31. Qf2 Rb8 32. Kg1 Qg4+ 33.
Kh2 Qf5 34. Rc3 Rd8 35. b4 g6 36. Rb3 Rd5 37. Qe3 Kg7 38. Kg3 Qg4+ 39. Kh2 Qd1
40. Rd3 Qa4 41. Qd2 Qb5 42. Re3 Rf5 43. Re5 Rxe5 44. fxe5 Kf8 45. Qc3 Ke8 46.
Qc8+ Ke7 47. Qc7+ Kf8 48. Qd8+ Kg7 49. Qf6+ Kg8 50. Qd8+ Kh7 51. Qf6 Qe2+ 52.
Kg3 Qe1+ 53. Kh3 Qc3+ 54. Kg2 Qc6+ 55. Kg3 Qd7 56. b5 Qxb5 57. Qxf7+ Kh6 58.
Qf8+ Kh7 59. Qf7+ Kh6 1/2-1/2

[Event "EUSA open blitz"]
[Site "Budapest"]
[Date "2019.07.28"]
[Round "9.1"]
[White "Barbot, Pierre"]
[Black "Shevchenko, Kirill"]
[Result "0-1"]
[WhiteElo "2441"]
[BlackElo "2536"]
[PlyCount "96"]
[EventDate "2019.07.28"]
[EventType "swiss"]
[EventRounds "9"]
[EventCountry "HUN"]

1. d4 Nf6 2. c4 e6 3. Nf3 c5 4. d5 exd5 5. cxd5 d6 6. Nc3 g6 7. Bf4 a6 8. a4
Qe7 9. h3 Bg7 10. e3 O-O 11. Be2 Nbd7 12. O-O Ne8 13. Nd2 Ne5 14. Bg3 Rb8 15.
Qc2 f5 16. a5 Nf6 17. f4 Nf7 18. Nc4 Bd7 19. Rae1 Rbe8 20. Bd3 Ne4 21. Bxe4
fxe4 22. Qb3 Bxc3 23. Qxc3 Nh6 24. b4 Nf5 25. Bf2 cxb4 26. Qxb4 Bb5 27. Rc1 Rc8
28. Rfd1 Rcd8 29. Qe1 h5 30. Nb6 g5 31. Bg3 Kh7 32. fxg5 Qxg5 33. Bf4 Qg7 34.
Qc3 Qg6 35. Qc7+ Kg8 36. Qxb7 Nh4 37. Rc2 Rf7 38. Nd7 Rdxd7 39. Qb8+ Rf8 40.
Qb6 Rg7 41. Qxd6 Rf6 42. Qb8+ Kh7 43. g3 Nf3+ 44. Kf2 h4 45. g4 Ng5 46. Kg2
Nxh3 47. Kh2 Nxf4 48. exf4 Qxg4 0-1

[Event "EUSA open blitz"]
[Site "Budapest"]
[Date "2019.07.28"]
[Round "9.2"]
[White "Sousa, Andre Ventura"]
[Black "Chigaev, Maksim"]
[Result "1/2-1/2"]
[WhiteElo "2362"]
[BlackElo "2640"]
[PlyCount "85"]
[EventDate "2019.07.28"]
[EventType "swiss"]
[EventRounds "9"]
[EventCountry "HUN"]

1. e4 e5 2. Nf3 Nc6 3. d4 exd4 4. Nxd4 Nf6 5. Nc3 Bc5 6. Nxc6 bxc6 7. Bd3 O-O
8. O-O d5 9. Bg5 Be7 10. Re1 Be6 11. e5 Nd7 12. Qh5 g6 13. Bxe7 Qxe7 14. Qh6
Rfb8 15. b3 Qb4 16. Ne2 Nxe5 17. h3 Qf8 18. Qf4 Qd6 19. Qf6 Nxd3 20. cxd3 Bf5
21. Qc3 c5 22. Rac1 Rb5 23. d4 c4 24. bxc4 dxc4 25. Qxc4 Rb2 26. d5 Rd8 27.
Red1 Qb6 28. Nd4 Be4 29. Qxc7 Qxc7 30. Rxc7 Rxd5 31. f3 Bf5 32. Kh2 Rxa2 33.
Nxf5 Rxf5 34. Rdd7 a5 35. Kg3 Kg7 36. Ra7 Rg5+ 37. Kf4 Rf5+ 38. Kg3 a4 39. h4
h5 40. Rd4 a3 41. Rda4 Re5 42. Rxa3 Rd2 43. Ra2 1/2-1/2

[Event "EUSA open blitz"]
[Site "Budapest"]
[Date "2019.07.28"]
[Round "9.3"]
[White "Golubka, Petro"]
[Black "Petrosyan, Tigran S"]
[Result "1-0"]
[WhiteElo "2483"]
[BlackElo "2448"]
[PlyCount "77"]
[EventDate "2019.07.28"]
[EventType "swiss"]
[EventRounds "9"]
[EventCountry "HUN"]

1. d4 d5 2. Nf3 Nf6 3. c4 c6 4. Nc3 e6 5. e3 Nbd7 6. Qc2 Bd6 7. Be2 O-O 8. O-O
dxc4 9. Bxc4 b5 10. Be2 Bb7 11. Rd1 Qc7 12. e4 e5 13. g3 a6 14. dxe5 Nxe5 15.
Bg5 Nxf3+ 16. Bxf3 Be5 17. Be3 c5 18. Nd5 Nxd5 19. exd5 Bd6 20. b3 Rfe8 21.
Rac1 Rxe3 22. fxe3 Re8 23. e4 g6 24. Kg2 Qe7 25. Qf2 Qe5 26. Rxc5 Bxc5 27. Qxc5
h5 28. Qd4 Qg5 29. Qd2 Qe5 30. Rc1 h4 31. gxh4 Bc8 32. h5 gxh5 33. Kh1 Bg4 34.
Bg2 f5 35. Qg5+ Kh8 36. Qh6+ Kg8 37. Qg6+ Kh8 38. h3 Qf4 39. Qxe8+ 1-0

[Event "EUSA open blitz"]
[Site "Budapest"]
[Date "2019.07.28"]
[Round "9.4"]
[White "Lewicki, Miroslaw"]
[Black "Predke, Alexandr"]
[Result "0-1"]
[WhiteElo "2351"]
[BlackElo "2632"]
[PlyCount "88"]
[EventDate "2019.07.28"]
[EventType "swiss"]
[EventRounds "9"]
[EventCountry "HUN"]

1. e4 e5 2. Nf3 Nc6 3. Bb5 a6 4. Ba4 Nf6 5. d3 d6 6. O-O b5 7. Bb3 Na5 8. c3
Nxb3 9. axb3 Be7 10. b4 O-O 11. h3 Re8 12. Be3 Bb7 13. Nbd2 h6 14. Nb3 Bf8 15.
Qe2 d5 16. Na5 Qc8 17. exd5 Bxd5 18. Rfe1 Qf5 19. Nd2 Qg6 20. f3 Nh5 21. Ne4 f5
22. Nc5 Ng3 23. Qd2 f4 24. Bf2 Bxf3 25. Bxg3 Qxg3 26. Ne4 Qg6 27. Qf2 Bxe4 28.
Rxe4 Rad8 29. Qe2 Qg3 30. Rd1 Re6 31. d4 Rf6 32. Rd3 f3 33. Rxf3 Rxf3 34. Qxf3
Qxf3 35. gxf3 exd4 36. Nc6 dxc3 37. Nxd8 cxb2 38. Re1 Bxb4 39. Rb1 Bc3 40. Nc6
a5 41. Nxa5 c5 42. Nb7 c4 43. Nd6 Bd4+ 44. Kf1 c3 0-1

[Event "EUSA open blitz"]
[Site "Budapest"]
[Date "2019.07.28"]
[Round "9.5"]
[White "Egri, Laszlo Jr"]
[Black "Korpa, Bence"]
[Result "1-0"]
[WhiteElo "2254"]
[BlackElo "2523"]
[PlyCount "78"]
[EventDate "2019.07.28"]
[EventType "swiss"]
[EventRounds "9"]
[EventCountry "HUN"]

1. Nf3 c5 2. c4 Nc6 3. d4 cxd4 4. Nxd4 e6 5. Nc3 Nf6 6. g3 Bc5 7. Nc2 b6 8. Bg2
Bb7 9. O-O O-O 10. b3 d5 11. cxd5 exd5 12. Nxd5 Nxd5 13. Qxd5 Qf6 14. Bg5 Qg6
15. Be4 Qh5 16. Bf3 Qg6 17. Be4 Qh5 18. Bf3 Qh3 19. Bg2 Qc8 20. Rac1 Re8 21. b4
Bf8 22. b5 Na5 23. Qd3 Bxg2 24. Kxg2 Qb7+ 25. Kg1 a6 26. a4 Rac8 27. Rfd1 axb5
28. axb5 Rc5 29. Be3 Rh5 30. Nd4 Qd7 31. Nf3 Qxd3 32. Rxd3 Rxb5 33. Rd7 Bc5 34.
Bxc5 bxc5 35. Rc7 Nb3 36. Rc3 f6 37. e3 Ra8 38. Kg2 h6 39. Ne1 Na5 1-0

[Event "EUSA open blitz"]
[Site "Budapest"]
[Date "2019.07.28"]
[Round "9.6"]
[White "Zaslavsky, Mikhail"]
[Black "Kalogeris, Ioannis"]
[Result "0-1"]
[WhiteElo "2405"]
[BlackElo "2376"]
[PlyCount "132"]
[EventDate "2019.07.28"]
[EventType "swiss"]
[EventRounds "9"]
[EventCountry "HUN"]

1. f4 c5 2. Nf3 Nf6 3. e3 d5 4. Bb5+ Bd7 5. Be2 g6 6. b3 Bg7 7. Bb2 O-O 8. O-O
Nc6 9. c4 Bg4 10. cxd5 Nxd5 11. Bxg7 Kxg7 12. Na3 Ndb4 13. Nc4 f6 14. a3 Nd3
15. Ne1 Bxe2 16. Qxe2 Nxe1 17. Rfxe1 Qd5 18. a4 Nb4 19. Rab1 Rfd8 20. Red1 Qd3
21. Qf3 b6 22. Na3 Rac8 23. Nb5 Rd7 24. Nc3 Rcd8 25. Ne4 Qd5 26. d4 f5 27. Ng5
Qxf3 28. Nxf3 Nc2 29. Kf2 cxd4 30. exd4 Nxd4 31. Ne5 Rc7 32. b4 Rc2+ 33. Kf1
Rd6 34. b5 Ne2 35. Rxd6 exd6 36. Nc6 Nc3 37. Ra1 d5 38. Nxa7 d4 39. Nc6 d3 40.
Nb4 Rd2 41. a5 bxa5 42. b6 Rb2 43. Nxd3 Rxb6 44. Rxa5 Rd6 45. Ne5 Rd1+ 46. Kf2
Ne4+ 47. Ke3 Re1+ 48. Kf3 Nd2+ 49. Kf2 Rb1 50. Ra7+ Kg8 51. Ra8+ Kg7 52. Ra7+
Kg8 53. Nf7 Ne4+ 54. Ke3 Nf6 55. Nh6+ Kh8 56. Nf7+ Kg8 57. Nh6+ Kh8 58. Nf7+
Kg7 59. Ne5+ Kg8 60. Ra8+ Kg7 61. Ra7+ Kh6 62. h3 Rb3+ 63. Ke2 Kh5 64. Nf3 h6
65. Ra2 Nd5 66. g3 Nc3+ 0-1

[Event "EUSA woman blitz"]
[Site "Budapest"]
[Date "2019.07.28"]
[Round "1.7"]
[White "Varga, Melinda"]
[Black "Shuvalova, Polina"]
[Result "1/2-1/2"]
[WhiteElo "2121"]
[BlackElo "2418"]
[PlyCount "71"]
[EventDate "2019.07.28"]
[EventType "swiss"]
[EventRounds "9"]
[EventCountry "HUN"]

1. Nf3 Nf6 2. c4 g6 3. g3 Bg7 4. Bg2 c6 5. d4 d5 6. Nc3 O-O 7. Qb3 dxc4 8. Qxc4
b6 9. O-O Ba6 10. Qb3 Bb7 11. Ne5 Nfd7 12. Rd1 Nxe5 13. dxe5 Qc8 14. Bf4 Na6
15. Ne4 c5 16. e6 f5 17. Nd6 exd6 18. e7+ Rf7 19. e8=Q+ Qxe8 20. Bxb7 Nc7 21.
Bxa8 Qxa8 22. Bxd6 Ne8 23. Be7 Qc6 24. Bg5 c4 25. Qe3 Bxb2 26. Rd8 Bxa1 27.
Rxe8+ Rf8 28. Rxf8+ Kxf8 29. Qe7+ Kg8 30. Qd8+ Kf7 31. Qe7+ Kg8 32. Qd8+ Kf7
33. Qe7+ Kg8 34. Qd8+ Kf7 35. Qe7+ Kg8 36. Qd8+ 1/2-1/2

[Event "EUSA woman blitz"]
[Site "Budapest"]
[Date "2019.07.28"]
[Round "1.8"]
[White "Voit, Daria"]
[Black "Serbanescu, Diana-Maria"]
[Result "1-0"]
[WhiteElo "2339"]
[BlackElo "1992"]
[PlyCount "84"]
[EventDate "2019.07.28"]
[EventType "swiss"]
[EventRounds "9"]
[EventCountry "HUN"]

1. d4 d6 2. Nf3 Nf6 3. c4 g6 4. Nc3 Bg7 5. Bg5 h6 6. Bh4 O-O 7. e3 Nbd7 8. Be2
c6 9. h3 e5 10. O-O Qe7 11. Qc2 Re8 12. b4 exd4 13. exd4 Nf8 14. Rfe1 Bf5 15.
Bd3 Bxd3 16. Qxd3 Qd7 17. b5 g5 18. Bg3 Nh5 19. Bh2 Ne6 20. bxc6 bxc6 21. Qf5
Qd8 22. Rad1 c5 23. d5 Nef4 24. Ne4 Nf6 25. Bxf4 gxf4 26. Qxf4 Nxe4 27. Rxe4
Qf6 28. Qg4 Rxe4 29. Qxe4 Rb8 30. Rd2 Qa1+ 31. Kh2 Qf6 32. Re2 Bf8 33. Qg4+ Qg7
34. Qd7 a5 35. Qc7 Ra8 36. Qb7 Rd8 37. Qc7 Qf6 38. Qxa5 Qf4+ 39. Kg1 Qf6 40.
Qd2 Bg7 41. Qd3 Qa1+ 42. Kh2 Qf6 1-0

[Event "EUSA woman blitz"]
[Site "Budapest"]
[Date "2019.07.28"]
[Round "2.7"]
[White "Terbe, Zsuzsanna"]
[Black "Voit, Daria"]
[Result "0-1"]
[WhiteElo "2160"]
[BlackElo "2339"]
[PlyCount "86"]
[EventDate "2019.07.28"]
[EventType "swiss"]
[EventRounds "9"]
[EventCountry "HUN"]

1. d4 Nf6 2. Nf3 e6 3. Bf4 c5 4. e3 Nc6 5. c3 d5 6. Nbd2 Bd6 7. Bg3 O-O 8. Bd3
b6 9. e4 Be7 10. Qe2 cxd4 11. cxd4 Nb4 12. O-O Nxd3 13. Qxd3 dxe4 14. Nxe4 Bb7
15. Nxf6+ Bxf6 16. Ne5 Qd5 17. Qf3 Qxf3 18. Nxf3 Bxf3 19. gxf3 Bxd4 20. Rab1
Rac8 21. Rfd1 e5 22. f4 f6 23. fxe5 fxe5 24. Rd2 Rc5 25. Re1 Kf7 26. Kg2 g5 27.
h4 h6 28. hxg5 hxg5 29. Rde2 Kf6 30. Rd2 Rfc8 31. Ree2 a5 32. a3 a4 33. Kf3 Kf5
34. Kg2 Rc1 35. Rd3 g4 36. Rdd2 Rb1 37. Bh2 Rc5 38. f3 gxf3+ 39. Kxf3 Rb5 40.
Bg3 Rb3+ 41. Kg2 R1xb2 42. Rxb2 Rxb2 43. Rxb2 Bxb2 0-1

[Event "EUSA woman blitz"]
[Site "Budapest"]
[Date "2019.07.28"]
[Round "2.8"]
[White "Lach, Aleksandra"]
[Black "Varga, Klara"]
[Result "1-0"]
[WhiteElo "2173"]
[BlackElo "2146"]
[PlyCount "123"]
[EventDate "2019.07.28"]
[EventType "swiss"]
[EventRounds "9"]
[EventCountry "HUN"]

1. e4 e6 2. d3 d5 3. Nd2 c5 4. Ngf3 Nc6 5. g3 Nge7 6. Bg2 g6 7. O-O Bg7 8. c3
O-O 9. a4 b6 10. Re1 Ba6 11. Nf1 Qd7 12. e5 Qc7 13. Qe2 h6 14. h4 Bb7 15. N1h2
h5 16. g4 hxg4 17. Nxg4 Rfd8 18. Bg5 Kf8 19. Qd2 Ke8 20. Bf6 Bf8 21. b4 a5 22.
bxc5 bxc5 23. Rab1 Ba6 24. Red1 Rdb8 25. Bf1 Rxb1 26. Rxb1 Rb8 27. Rd1 Kd7 28.
Qf4 Nf5 29. c4 d4 30. Ng5 Nd8 31. Bxd8 Kxd8 32. Ne4 Be7 33. Ngf6 Bb7 34. Bg2
Bxe4 35. dxe4 Ng7 36. Ng8 Bf8 37. Nh6 Ke8 38. Ng8 Nh5 39. Nf6+ Nxf6 40. Qxf6
Qe7 41. Qf4 Rb4 42. Ra1 Rxc4 43. Bf1 Rb4 44. Bb5+ Kd8 45. Kg2 Kc7 46. Kg3 Kb6
47. Rd1 Rb3+ 48. f3 Bg7 49. Kg2 Qc7 50. Qg5 Bxe5 51. Qg4 Rb2+ 52. Kf1 Bg3 53.
h5 Rf2+ 54. Kg1 Rb2 55. hxg6 fxg6 56. Qxe6+ Bd6 57. e5 Qd8 58. Qxd6+ Qxd6 59.
exd6 Rb4 60. Re1 c4 61. d7 Kc7 62. Re8 1-0

[Event "EUSA woman blitz"]
[Site "Budapest"]
[Date "2019.07.28"]
[Round "3.7"]
[White "Voit, Daria"]
[Black "Leks, Maria"]
[Result "1-0"]
[WhiteElo "2339"]
[BlackElo "2129"]
[PlyCount "117"]
[EventDate "2019.07.28"]
[EventType "swiss"]
[EventRounds "9"]
[EventCountry "HUN"]

1. d4 d5 2. c4 c6 3. Nf3 Nf6 4. e3 Bf5 5. Nc3 e6 6. Nh4 Bg6 7. Nxg6 hxg6 8. h3
Nbd7 9. Be2 Bd6 10. O-O O-O 11. Qc2 Qe7 12. b3 e5 13. dxe5 Qxe5 14. g3 Ne4 15.
Nxe4 dxe4 16. Bb2 Qe6 17. Kg2 Kh7 18. Rad1 Rad8 19. Rd4 f5 20. Rfd1 Bc7 21. Ba3
c5 22. Rd5 b6 23. Bb2 Nf6 24. Rxd8 Rxd8 25. Rxd8 Bxd8 26. Qd2 Bc7 27. a3 Nd7
28. b4 Ne5 29. bxc5 bxc5 30. Qc3 Qe7 31. Qb3 Qd6 32. Qb7 Qb6 33. Qxb6 axb6 34.
Kf1 Kg8 35. Ke1 Kf7 36. Kd2 Ke6 37. Kc3 Bd8 38. Kb3 g5 39. Ka4 g6 40. Kb5 Kd6
41. a4 Nc6 42. Bc3 Ne5 43. Bd2 Nd7 44. Bc3 Ne5 45. Bb2 Nd7 46. Ka6 Nb8+ 47. Kb7
Nc6 48. Kc8 Be7 49. Kb7 Bd8 50. Kc8 Be7 51. Bc3 Nb4 52. Kb7 Bd8 53. Kc8 Ke7 54.
Be5 Nc6 55. Bc7 Bxc7 56. Kxc7 Na5 57. Kxb6 Nb3 58. a5 Kd7 59. a6 1-0

[Event "EUSA woman blitz"]
[Site "Budapest"]
[Date "2019.07.28"]
[Round "3.8"]
[White "Juhasz, Barbara"]
[Black "Lach, Aleksandra"]
[Result "1-0"]
[WhiteElo "2171"]
[BlackElo "2173"]
[PlyCount "36"]
[EventDate "2019.07.28"]
[EventType "swiss"]
[EventRounds "9"]
[EventCountry "HUN"]

1. e4 c5 2. Nf3 d6 3. Bb5+ Bd7 4. Bxd7+ Nxd7 5. c4 Ngf6 6. Nc3 e6 7. O-O Be7 8.
b3 O-O 9. Bb2 e5 10. Ne1 g6 11. Nd5 Nh5 12. g3 Ndf6 13. Nxf6+ Bxf6 14. Ng2 Bg7
15. Ne3 Qe7 16. d3 Nf6 17. Kg2 Qe6 18. Nd5 Nd7 1-0

[Event "EUSA woman blitz"]
[Site "Budapest"]
[Date "2019.07.28"]
[Round "4.7"]
[White "Juhasz, Barbara"]
[Black "Voit, Daria"]
[Result "0-1"]
[WhiteElo "2171"]
[BlackElo "2339"]
[PlyCount "56"]
[EventDate "2019.07.28"]
[EventType "swiss"]
[EventRounds "9"]
[EventCountry "HUN"]

1. e4 e6 2. Qe2 c5 3. Nf3 Nc6 4. g3 Nf6 5. Bg2 Be7 6. O-O d6 7. c3 O-O 8. d4 b6
9. e5 Nd5 10. exd6 Bxd6 11. c4 Nf6 12. dxc5 bxc5 13. Rd1 Qc7 14. Nc3 a6 15. Bg5
Rb8 16. b3 h6 17. Be3 Bb7 18. Rac1 Rbd8 19. Na4 Ne7 20. Bd2 Nf5 21. Bc3 Rd7 22.
Qe1 Bc6 23. Ba5 Qb8 24. Nb2 Qb7 25. Ne5 Bxe5 26. Bxc6 Qxc6 27. Qxe5 Nd4 28. h3
Nf3+ 0-1

[Event "EUSA woman blitz"]
[Site "Budapest"]
[Date "2019.07.28"]
[Round "4.8"]
[White "Shuvalova, Polina"]
[Black "Lach, Aleksandra"]
[Result "1-0"]
[WhiteElo "2418"]
[BlackElo "2173"]
[PlyCount "101"]
[EventDate "2019.07.28"]
[EventType "swiss"]
[EventRounds "9"]
[EventCountry "HUN"]

1. c4 e5 2. g3 Nf6 3. Bg2 d5 4. cxd5 Nxd5 5. Nc3 Nb6 6. Nf3 Nc6 7. O-O Be7 8.
a3 a5 9. d3 O-O 10. Bd2 Be6 11. Rc1 a4 12. Qc2 Bb3 13. Qb1 f5 14. Be3 Nd5 15.
Nxd5 Bxd5 16. Rfd1 Ra5 17. Bd2 Rb5 18. Bc3 Bxf3 19. Bxf3 Nd4 20. Bxd4 exd4 21.
Qc2 c6 22. Qxa4 Rxb2 23. Rb1 Rxb1 24. Rxb1 b5 25. Qb3+ Kh8 26. Bxc6 Qd6 27. Bf3
f4 28. Qxb5 fxg3 29. hxg3 Qxa3 30. Qh5 Qd6 31. Rb7 Qf6 32. Kg2 h6 33. Qd5 Rd8
34. Qe4 Bf8 35. Qg4 Re8 36. Be4 Rd8 37. Rc7 Re8 38. Rc6 Qg5 39. Qd7 Re7 40. Rc8
Qf6 41. Qg4 Rf7 42. Bf3 Qe7 43. Qxd4 Kh7 44. Be4+ g6 45. Rc6 Rg7 46. Qc4 Qg5
47. Qe6 h5 48. Rc8 Bc5 49. Qd5 Qe7 50. Rc6 Bb4 51. Rxg6 1-0

[Event "EUSA woman blitz"]
[Site "Budapest"]
[Date "2019.07.28"]
[Round "5.7"]
[White "Voit, Daria"]
[Black "Shuvalova, Polina"]
[Result "0-1"]
[WhiteElo "2339"]
[BlackElo "2418"]
[PlyCount "184"]
[EventDate "2019.07.28"]
[EventType "swiss"]
[EventRounds "9"]
[EventCountry "HUN"]

1. Nf3 Nf6 2. c4 e6 3. g3 d5 4. Bg2 Be7 5. O-O O-O 6. b3 b6 7. Bb2 Bb7 8. Qc2
c5 9. d4 dxc4 10. Qxc4 Bd5 11. Qc2 cxd4 12. Nxd4 Bxg2 13. Kxg2 Qd5+ 14. f3 Nbd7
15. e4 Qb7 16. Qc6 Qxc6 17. Nxc6 Bc5 18. b4 Rfc8 19. bxc5 Rxc6 20. cxb6 Rxb6
21. Bd4 Rc6 22. Nd2 e5 23. Be3 Rc2 24. Rf2 a5 25. Nb3 Rc3 26. Bd2 Rd3 27. Bxa5
Ne8 28. Rff1 f6 29. Rfd1 Rxd1 30. Rxd1 Ra7 31. a3 Kf7 32. Bb4 h5 33. h4 Nb6 34.
Bc5 Ra6 35. Bxb6 Rxb6 36. Rd7+ Kf8 37. Nc5 Rc6 38. Rd5 Nc7 39. Nd7+ Ke7 40. Rd3
Nb5 41. a4 Nd4 42. Nb8 Rc2+ 43. Kh3 Ra2 44. Rc3 Rxa4 45. Rc7+ Kf8 46. Nd7+ Kg8
47. f4 exf4 48. gxf4 Ne2 49. Nc5 Ra3+ 50. Kh2 Nxf4 51. Re7 Ng6 52. Rd7 Ne5 53.
Rc7 Rc3 54. Kg2 Kh7 55. Kf2 Kh6 56. Ke2 Rc4 57. Ke3 Rc3+ 58. Kd2 Rg3 59. Ne6
Rg2+ 60. Ke3 Rg4 61. Rb7 Rg3+ 62. Kf2 Rg4 63. Ke3 Nc4+ 64. Kf3 Nd6 65. Re7 Nc4
66. Rc7 Ne5+ 67. Ke3 Kh7 68. Rb7 Kg8 69. Rc7 Kh7 70. Rb7 Rg3+ 71. Kf2 Rg4 72.
Ke3 Kg8 73. Rc7 Nf7 74. Rc8+ Kh7 75. Rc7 Nd6 76. Kf3 Nxe4 77. Rxg7+ Rxg7 78.
Nxg7 Nd2+ 79. Ke3 Kxg7 80. Kxd2 Kg6 81. Ke3 Kf5 82. Kf3 Ke5 83. Ke3 Kf5 84. Kf3
Ke5 85. Ke3 f5 86. Kf3 f4 87. Kf2 Ke4 88. Ke2 f3+ 89. Kf1 Kf4 90. Kf2 Kg4 91.
Kf1 Kxh4 92. Kf2 Kg4 0-1

[Event "EUSA woman blitz"]
[Site "Budapest"]
[Date "2019.07.28"]
[Round "5.8"]
[White "Varga, Klara"]
[Black "Gundogan, Sinem Cagla"]
[Result "1-0"]
[WhiteElo "2146"]
[BlackElo "1806"]
[PlyCount "67"]
[EventDate "2019.07.28"]
[EventType "swiss"]
[EventRounds "9"]
[EventCountry "HUN"]

1. c4 c5 2. Nc3 Nf6 3. g3 d5 4. cxd5 Nxd5 5. Bg2 Nc7 6. e3 Nc6 7. Nge2 e5 8.
O-O Be7 9. f4 exf4 10. Nxf4 O-O 11. b3 Ne5 12. Ba3 Rb8 13. Rc1 b6 14. Ncd5 Bd6
15. d4 Nxd5 16. Nxd5 cxd4 17. Bxd6 Qxd6 18. exd4 Ng4 19. h3 Nh6 20. Kh2 Be6 21.
Nf4 Nf5 22. d5 Bd7 23. Qd3 Rbe8 24. Rce1 Re5 25. Rxe5 Qxe5 26. Qe4 Qc3 27. Rf3
Qb2 28. Rd3 Re8 29. Qf3 Nd4 30. Qh5 Bb5 31. Rd1 Qxa2 32. d6 Nxb3 33. Qxb5 Qc2
34. Qxe8# 1-0

[Event "EUSA woman blitz"]
[Site "Budapest"]
[Date "2019.07.28"]
[Round "6.7"]
[White "Shuvalova, Polina"]
[Black "Varga, Klara"]
[Result "1-0"]
[WhiteElo "2418"]
[BlackElo "2146"]
[PlyCount "97"]
[EventDate "2019.07.28"]
[EventType "swiss"]
[EventRounds "9"]
[EventCountry "HUN"]

1. c4 e5 2. g3 Nf6 3. Bg2 Nc6 4. Nc3 Bb4 5. Nd5 Bc5 6. d3 Nxd5 7. cxd5 Ne7 8.
Bd2 a5 9. Rc1 Bb6 10. e3 O-O 11. Ne2 d6 12. O-O Bg4 13. h3 Bf5 14. e4 Bg6 15.
g4 h5 16. Ng3 hxg4 17. hxg4 c6 18. dxc6 bxc6 19. Nf5 Rc8 20. Qf3 Bxf5 21. gxf5
f6 22. Qg3 Kf7 23. Bf3 Rh8 24. Kg2 d5 25. Rh1 dxe4 26. Bxe4 Bd4 27. b3 Qd7 28.
Qg4 Rcg8 29. Rcg1 Kf8 30. Kf1 Rxh1 31. Rxh1 Qd6 32. Ke2 a4 33. Rg1 axb3 34.
axb3 Qa3 35. Rc1 c5 36. Rc4 Qxb3 37. Qg2 Qb6 38. Ra4 Ke8 39. Ra8+ Kd7 40. Rxg8
Nxg8 41. Qxg7+ Ne7 42. Qf7 Bb2 43. Bd5 Ba3 44. Be6+ Kd6 45. Qf8 Qc7 46. Qxf6
Bb4 47. Bc8+ Kd5 48. Qe6+ Kd4 49. Qc4# 1-0

[Event "EUSA woman blitz"]
[Site "Budapest"]
[Date "2019.07.28"]
[Round "6.8"]
[White "Gundogan, Sinem Cagla"]
[Black "Voit, Daria"]
[Result "0-1"]
[WhiteElo "1806"]
[BlackElo "2339"]
[PlyCount "70"]
[EventDate "2019.07.28"]
[EventType "swiss"]
[EventRounds "9"]
[EventCountry "HUN"]

1. e4 c5 2. Nf3 d6 3. g3 g6 4. Bg2 Bg7 5. O-O Nc6 6. d3 e6 7. c3 Nge7 8. Be3
O-O 9. Nbd2 Rb8 10. Re1 b5 11. d4 cxd4 12. Nxd4 Nxd4 13. Bxd4 Bxd4 14. cxd4 Qb6
15. Nf3 Bb7 16. Qd2 Kg7 17. h4 h5 18. Rad1 Rbc8 19. Ng5 Ng8 20. Qf4 Rc4 21. Qe3
Rfc8 22. Bh3 Re8 23. b3 Rc2 24. Qf4 Re7 25. e5 d5 26. Rd2 Qc7 27. Rxc2 Qxc2 28.
Qe3 Qxa2 29. Rc1 a5 30. Rc5 a4 31. Rxb5 a3 32. Bxe6 Qb1+ 33. Kh2 a2 34. Bxf7
a1=Q 35. Ne6+ Rxe6 0-1

[Event "EUSA woman blitz"]
[Site "Budapest"]
[Date "2019.07.28"]
[Round "7.7"]
[White "Juhasz, Barbara"]
[Black "Shuvalova, Polina"]
[Result "1-0"]
[WhiteElo "2171"]
[BlackElo "2418"]
[PlyCount "51"]
[EventDate "2019.07.28"]
[EventType "swiss"]
[EventRounds "9"]
[EventCountry "HUN"]

1. e4 c6 2. d4 d5 3. Nd2 dxe4 4. Nxe4 Bf5 5. Ng3 Bg6 6. Bc4 e6 7. N1e2 Bd6 8.
h4 h6 9. Nf4 Bh7 10. Ngh5 Bxf4 11. Bxf4 Nf6 12. Nxg7+ Ke7 13. O-O Bg6 14. Re1
Be4 15. Nh5 Nbd7 16. Nxf6 Nxf6 17. Be5 Bf5 18. Bd3 Bxd3 19. Qxd3 Rg8 20. Qf3
Ng4 21. c3 Nxe5 22. dxe5 Rg6 23. Rad1 Qc7 24. Rd6 Rd8 25. Red1 Rgg8 26. Qf6+
1-0

[Event "EUSA woman blitz"]
[Site "Budapest"]
[Date "2019.07.28"]
[Round "7.8"]
[White "Voit, Daria"]
[Black "Varga, Klara"]
[Result "1-0"]
[WhiteElo "2339"]
[BlackElo "2146"]
[PlyCount "49"]
[EventDate "2019.07.28"]
[EventType "swiss"]
[EventRounds "9"]
[EventCountry "HUN"]

1. d4 e6 2. Nf3 Nf6 3. c4 d5 4. g3 dxc4 5. Bg2 Bb4+ 6. Bd2 c5 7. Bxb4 cxb4 8.
Qa4+ Bd7 9. Qxb4 Nc6 10. Qxc4 Rc8 11. Nc3 Qb6 12. Qb3 Qxb3 13. axb3 a6 14. e3
Nb4 15. Ke2 Bc6 16. Ne1 Ke7 17. Bxc6 Rxc6 18. Ra4 Nfd5 19. Nxd5+ Nxd5 20. Rc4
Rb6 21. e4 Nf6 22. f3 Rxb3 23. Nd3 Rd8 24. Rhc1 Rxd4 25. Rxd4 1-0

[Event "EUSA woman blitz"]
[Site "Budapest"]
[Date "2019.07.28"]
[Round "8.7"]
[White "Jedrocha, Katarzyna"]
[Black "Voit, Daria"]
[Result "0-1"]
[WhiteElo "1943"]
[BlackElo "2339"]
[PlyCount "78"]
[EventDate "2019.07.28"]
[EventType "swiss"]
[EventRounds "9"]
[EventCountry "HUN"]

1. d4 Nf6 2. g3 e6 3. Bg2 c5 4. Nf3 Nc6 5. O-O d5 6. b3 cxd4 7. Nxd4 Bc5 8. Bb2
O-O 9. e3 Bd7 10. Nd2 Qb6 11. N2f3 Rac8 12. Rc1 Ne4 13. c4 dxc4 14. Rxc4 Nf6
15. Ba1 Nxd4 16. Nxd4 Be7 17. Rc1 Rxc1 18. Qxc1 Rc8 19. Qd2 Bb4 20. Qb2 Bc3 21.
Qa3 Bxa1 22. Rxa1 a6 23. Rd1 h6 24. Qb2 Qc7 25. Qd2 b6 26. h4 a5 27. Qd3 Qc3
28. Bf1 Qxd3 29. Bxd3 Kf8 30. Nb5 Ke7 31. Kg2 Rc5 32. a4 Nd5 33. Bc4 Bxb5 34.
Bxb5 Rc3 35. Bc4 Nf6 36. Kf3 Nd7 37. Rd3 Ne5+ 38. Ke2 Nxd3 39. Bxd3 Rxb3 0-1

[Event "EUSA woman blitz"]
[Site "Budapest"]
[Date "2019.07.28"]
[Round "8.8"]
[White "Shuvalova, Polina"]
[Black "Gundogan, Sinem Cagla"]
[Result "1-0"]
[WhiteElo "2418"]
[BlackElo "1806"]
[PlyCount "57"]
[EventDate "2019.07.28"]
[EventType "swiss"]
[EventRounds "9"]
[EventCountry "HUN"]

1. c4 e6 2. Nf3 Nf6 3. g3 d5 4. Bg2 c6 5. b3 Bd6 6. Bb2 O-O 7. O-O Nbd7 8. d3
e5 9. Nbd2 Re8 10. Rc1 e4 11. dxe4 dxe4 12. Nd4 e3 13. fxe3 Rxe3 14. Nf5 Re6
15. Nxd6 Rxd6 16. Qc2 Nc5 17. Nf3 Bg4 18. Rcd1 Rxd1 19. Rxd1 Qe7 20. Ne5 Re8
21. h3 Bh5 22. Kh2 Ncd7 23. Nxd7 Nxd7 24. Qf5 Qxe2 25. Rxd7 Qxb2 26. Qxh5 Qf2
27. Qf3 Qxf3 28. Bxf3 Re1 29. Rd8+ 1-0